Charters of philanthropies ; a study of selected trust instruments, charters, by-laws and court decisions /

Bibliographic Details
Main Author: Chambers, M. M. (Merritt Madison), 1899-1985
Corporate Author: Carnegie Foundation for the Advancement of Teaching
Format: Book
Language:English
Published: New York, [publisher not identified] ; 1948.
Subjects:

MARC

Tag First Indicator Second Indicator Subfields
LEADER 00000cam a2200000 4500
001 in00000057417
005 20151007082115.0
008 721128s1948 eng u
010 |a  48011239  
035 |a (OCoLC)00502056 
035 |9 AAF7378AM 
040 |c CSU  |d TXA  |d UtOrBLW 
049 |a TXAM  |c [157739] 
050 0 |a HV88  |b .C45 
082 0 |a 061 
092 |a 061  |b C445c 
100 1 |a Chambers, M. M.  |q (Merritt Madison),  |d 1899-1985. 
245 1 0 |a Charters of philanthropies ;  |b a study of selected trust instruments, charters, by-laws and court decisions /  |c with a foreword by Edward C. Elliott. 
264 1 |a New York,  |b [publisher not identified] ;  |c 1948. 
300 |a iv, 247 pages ;  |c 23 cm. 
336 |a text  |b txt  |2 rdacontent 
337 |a unmediated  |b n  |2 rdamedia 
338 |a volume  |b nc  |2 rdacarrier 
500 |a At head of title: The Carnegie Foundation for the Advancement of Teaching. 
650 0 |a Endowments  |z United States. 
710 2 |a Carnegie Foundation for the Advancement of Teaching. 
999 |a MARS 
999 f f |s a4a993a7-fcc6-3dcb-a200-d5e532ea80d5  |i d1623c02-7b9c-3d8b-822a-ec0bfbd20233  |t 0 
952 f f |p ric  |a Texas A&M University  |b Rellis Campus  |c Joint Library Facility  |d Remote Storage  |t 0  |e HV88 .C45  |h Library of Congress classification  |i unmediated -- volume  |m A14800499476 
998 f f |a HV88 .C45  |t 0  |l Remote Storage